00465 a2200145 450000100060000002000180000604000240002424000490004824500440009730000110014165000310015294200070018395201120019099900170030247449 a9788576241225 cAnchieta - Aquarius10aDia a dia com o Smilinguido e sua turmalpor10aDia a dia com o Smilinguido e sua turma a365 p. 4aLiteratura infanto-juvenil cBK 00104070a87.1bCPLd2023-11-21l1o028.5 DIAp6154/AQUr2023-11-21 15:29:47s2023-11-21w2023-11-21yBK c47449d47449